Constitution of India: 75 years of world's largest democracy (Record no. 394144)

MARC details
000 -LEADER
fixed length control field 00510 a2200193 4500
005 - DATE & TIME
control field 20260214104906.0
008 - FIXED-LENGTH DATA ELEMENTS--GENERAL INFORMATION
fixed length control field 260212b |||||||| |||| 00| 0 eng d
020 ## - ISBN
International Standard Book Number 9788126942282
Price Rs. 1895.00
040 ## - CATALOGING SOURCE
Original cataloging agency VIVEKANANDA LIBRARY
082 ## - DDC NUMBER
Classification number 342.54
Book Number A14C
100 ## - MAIN ENTRY--PERSONAL NAME
Personal name Ananth
110 ## - MAIN ENTRY--CORPORATE NAME
Corporate name Ananth, V Krishna
245 ## - TITLE STATEMENT
Title Constitution of India: 75 years of world's largest democracy
260 ## - PUBLICATION, DISTRIBUTION, ETC. (IMPRINT)
Name of publisher, distributor, etc Atlantic
Date of publication, distribution, etc 2026
Place of publication, distribution, etc New Delhi
300 ## - PHYSICAL DESCRIPTION
Pages xxxix
650 ## - Subject
Subject Law
650 ## - Subject
Subject Constitation- India
942 ## - ADDED ENTRY ELEMENTS (KOHA)
Koha item type Books
Holdings
Withdrawn status Lost status Source of classification or shelving scheme Damaged status Not for loan Location (home branch) Sublocation or collection (holding branch) Shelving location Date acquired Koha issues (times borrowed) Koha full call number Accession No. Koha date last seen Koha item type
    Dewey Decimal Classification     VIVEKANANDA LIBRARY VIVEKANANDA LIBRARY Vivekananda Library 22/01/2026   342.54 A14C 444436 22/01/2026 Books
© Designed and Maintained by Vivekananda Library, MDU Rohtak